LEADER 01025nam0-22003611i-450 001 990001464800403321 005 20240205153951.0 010 $a0471567868 035 $a000146480 035 $aFED01000146480 035 $a(Aleph)000146480FED01 100 $a20010214d1969----km-y0itay50------ba 101 0 $aeng 102 $aUS 105 $aa---a---001yy 200 1 $aViruses, vectors and vegetation$fedited by Karl Maramorosck 210 $aNew York [etc.]$cInterscience Publishers$d1969 215 $axii, 666 p.$cill.$d25 cm 610 0 $aPatologia vegetale 610 0 $aPiante$aMalattie da virus 676 $a581.222$v20$zita 702 1$aMaramorosch,$bKarl 801 0$aIT$bUNINA$gRICA$2UNIMARC 901 $aBK 912 $a990001464800403321 952 $a15 IV 16$b13805$fDBV 952 $a61 IX D.8/12$b3217 (6/5/70)$fDAGEN 952 $aA PAT 1327$b1340/2024$fFAGBC 959 $aDBV 959 $aDAGEN 959 $aFAGBC 996 $aViruses, vectors and vegetation$9378993 997 $aUNINA LEADER 01555nas 2200517- 450 001 996211251703316 005 20230227213019.0 011 $a1573-8809 035 $a(DE-599)ZDB1478734-9 035 $a(OCoLC)38273604 035 $a(CKB)954921411348 035 $a(CONSER)--2013236818 035 $a(EXLCZ)99954921411348 100 $a19980127a19939999 s-- a 101 0 $aeng 135 $aurmnu|||||||| 181 $ctxt$2rdacontent 182 $cc$2rdamedia 183 $acr$2rdacarrier 200 10$aJournal of real estate literature 210 1$a[Dordrecht] :$cKluwer Academic Publishers 210 31$a[London, England] :$cTaylor & Francis 311 $a0927-7544 517 1 $aJREL 531 $aJ REAL ESTATE LIT 531 0 $aJ. real estate lit. 606 $aReal estate business$vPeriodicals 606 $aReal estate business$vBibliography$vPeriodicals 606 $aImmobilier$vPériodiques 606 $aImmobilier$vBibliographie$vPériodiques 606 $aReal estate business$2fast$3(OCoLC)fst01090898 608 $aCzasopismo ekonomiczne.$2dbn 608 $aBibliographies.$2fast 608 $aPeriodicals.$2fast 615 0$aReal estate business 615 0$aReal estate business 615 6$aImmobilier 615 6$aImmobilier 615 7$aReal estate business. 676 $a333.33 712 02$aAmerican Real Estate Society, 712 02$aTaylor & Francis, 906 $aJOURNAL 912 $a996211251703316 996 $aJournal of real estate literature$91937392 997 $aUNISA